| 000 | 00780nam a2200229 i 4500 | ||
|---|---|---|---|
| 001 | bg | ||
| 100 | 1 | _aPOKORNA-IGNATOWICZ, Katarzyna | |
| 245 | 0 |
_aKościół w świecie mediów : _bhistoria - dokumenty - dylematy / _cKatarzyna Pokorna-Ignatowicz. |
|
| 260 |
_aKraków : _bWydaw. Uniwersytetu Jagiellońskiego, _c2002. |
||
| 300 |
_a175 s. ; _c21 cm. |
||
| 504 | _aBibliogr. | ||
| 650 | 9 |
_aKościół katolicki _xa środki masowego przekazu |
|
| 650 | 9 |
_aŚrodki masowego przekazu _xkatolicyzm |
|
| 020 | _a8323315647 | ||
| 040 | _cBPK | ||
| 041 | 0 | _apl | |
| 080 | _a659.3:316.77:261 | ||
| 920 | _a83-233-1564-7 | ||
| 942 | _cKS | ||
| 008 | s pl f |000 0 pol | ||
| 999 |
_c41514 _d41514 |
||
| 856 |
_uhttp://koha.tu.koszalin.pl/cgi-bin/koha/opac-detail.pl?biblionumber=41514 _yKatalog online BPK |
||